[Event "Najdorf Memorial"]
[Site "Warsaw POL"]
[Date "2021.07.14"]
[Round "5.7"]
[White "Malicka, Maria"]
[Black "Tomczak, Jacek"]
[Result "0-1"]
[WhiteElo "2272"]
[BlackElo "2603"]
[EventDate "2021.07.10"]
[PlyCount "126"]
[LiveChessVersion "1.4.8"]

1.e4 {[%clk 1:30:58]} 1...d5 {[%clk 1:30:53]} 2.exd5 {[%clk 1:31:22]} 2...Qxd5
{[%clk 1:31:16]} 3.Nc3 {[%clk 1:30:32]} 3...Qa5 {[%clk 1:31:39]} 4.d4 {[%clk
1:30:20]} 4...Nf6 {[%clk 1:31:44]} 5.Nf3 {[%clk 1:30:35]} 5...Bf5 {[%clk
1:31:38]} 6.Bc4 {[%clk 1:27:08]} 6...e6 {[%clk 1:31:43]} 7.O-O {[%clk 1:23:19]}
7...c6 {[%clk 1:28:34]} 8.Bf4 {[%clk 1:18:44]} 8...Nbd7 {[%clk 1:25:38]} 9.Qe2
{[%clk 1:17:24]} 9...Bb4 {[%clk 1:22:34]} 10.Nd1 {[%clk 1:11:00]} 10...O-O
{[%clk 1:21:44]} 11.c3 {[%clk 1:10:39]} 11...Be7 {[%clk 1:21:55]} 12.Ne3 {[%clk
1:10:13]} 12...Bg6 {[%clk 1:19:14]} 13.h3 {[%clk 1:04:15]} 13...Nb6 {[%clk
0:53:40]} 14.Bb3 {[%clk 0:51:45]} 14...c5 {[%clk 0:50:47]} 15.dxc5 {[%clk
0:46:16]} 15...Qxc5 {[%clk 0:51:02]} 16.Rad1 {[%clk 0:45:22]} 16...Bh5 {[%clk
0:46:30]} 17.g4 {[%clk 0:39:35]} 17...Bg6 {[%clk 0:46:48]} 18.Ne5 {[%clk
0:39:49]} 18...Rad8 {[%clk 0:41:59]} 19.Nxg6 {[%clk 0:39:08]} 19...hxg6 {[%clk
0:41:53]} 20.Qf3 {[%clk 0:37:34]} 20...Qc8 {[%clk 0:32:28]} 21.Kg2 {[%clk
0:26:32]} 21...Rxd1 {[%clk 0:31:06]} 22.Rxd1 {[%clk 0:26:57]} 22...Rd8 {[%clk
0:31:15]} 23.Rxd8+ {[%clk 0:26:06]} 23...Bxd8 {[%clk 0:31:25]} 24.Bc2 {[%clk
0:22:26]} 24...Bc7 {[%clk 0:28:22]} 25.Bxc7 {[%clk 0:16:28]} 25...Qxc7 {[%clk
0:28:47]} 26.Bb3 {[%clk 0:15:08]} 26...Nbd7 {[%clk 0:25:59]} 27.Qg3 {[%clk
0:13:47]} 27...Ne5 {[%clk 0:22:47]} 28.Bd1 {[%clk 0:10:18]} 28...g5 {[%clk
0:19:21]} 29.Bf3 {[%clk 0:09:21]} 29...Nfd7 {[%clk 0:18:37]} 30.Be4 {[%clk
0:06:46]} 30...Nc5 {[%clk 0:15:45]} 31.Bc2 {[%clk 0:06:39]} 31...Qc6+ {[%clk
0:15:34]} 32.f3 {[%clk 0:06:35]} 32...Ncd3 {[%clk 0:14:33]} 33.Bxd3 {[%clk
0:06:23]} 33...Nxd3 {[%clk 0:14:58]} 34.h4 {[%clk 0:02:11]} 34...Nf4+ {[%clk
0:08:04]} 35.Kh1 {[%clk 0:02:34]} 35...Qb6 {[%clk 0:04:23]} 36.Ng2 {[%clk
0:02:11]} 36...Qxb2 {[%clk 0:01:46]} 37.Nxf4 {[%clk 0:01:31]} 37...Qc1+ {[%clk
0:01:34]} 38.Kg2 {[%clk 0:01:59]} 38...gxf4 {[%clk 0:01:40]} 39.Qf2 {[%clk
0:02:14]} 39...Qxc3 {[%clk 0:00:52]} 40.Qxa7 {[%clk 0:32:30]} 40...Qd2+ {[%clk
0:30:44]} 41.Kh3 {[%clk 0:25:27]} 41...Qc1 {[%clk 0:29:01]} 42.Qb8+ {[%clk
0:22:41]} 42...Kh7 {[%clk 0:28:55]} 43.Kg2 {[%clk 0:23:01]} 43...Qb2+ {[%clk
0:23:12]} 44.Kh3 {[%clk 0:22:41]} 44...e5 {[%clk 0:22:09]} 45.Qc8 {[%clk
0:13:30]} 45...Qb1 {[%clk 0:22:06]} 46.Kg2 {[%clk 0:13:40]} 46...Qxa2+ {[%clk
0:22:26]} 47.Kg1 {[%clk 0:12:31]} 47...Qb1+ {[%clk 0:20:20]} 48.Kg2 {[%clk
0:12:50]} 48...Qa2+ {[%clk 0:20:36]} 49.Kg1 {[%clk 0:13:11]} 49...Qd5 {[%clk
0:15:52]} 50.Qc2+ {[%clk 0:10:59]} 50...Kg8 {[%clk 0:16:16]} 51.Qc8+ {[%clk
0:11:24]} 51...Kh7 {[%clk 0:16:43]} 52.Qc2+ {[%clk 0:11:51]} 52...g6 {[%clk
0:17:04]} 53.Kg2 {[%clk 0:09:39]} 53...Kg7 {[%clk 0:16:52]} 54.h5 {[%clk
0:09:50]} 54...gxh5 {[%clk 0:15:13]} 55.gxh5 {[%clk 0:10:15]} 55...Qe6 {[%clk
0:15:06]} 56.Qb2 {[%clk 0:07:35]} 56...b6 {[%clk 0:15:20]} 57.Kf2 {[%clk
0:07:42]} 57...Qd6 {[%clk 0:15:14]} 58.Kg2 {[%clk 0:07:43]} 58...Kh6 {[%clk
0:15:07]} 59.Qc2 {[%clk 0:07:40]} 59...Qf6 {[%clk 0:15:29]} 60.Kf1 {[%clk
0:07:27]} 60...Qe6 {[%clk 0:14:46]} 61.Ke1 {[%clk 0:07:11]} 61...Qh3 {[%clk
0:13:59]} 62.Qc6+ {[%clk 0:07:04]} 62...Kxh5 {[%clk 0:13:51]} 63.Qf6 {[%clk
0:06:38]} 63...Qh4+ {[%clk 0:14:14]} 0-1

[Event "Najdorf Memorial"]
[Site "Warsaw POL"]
[Date "2021.07.14"]
[Round "5.8"]
[White "Zochowski, Kacper"]
[Black "Chatalbashev, Boris"]
[Result "1/2-1/2"]
[WhiteElo "2262"]
[BlackElo "2530"]
[EventDate "2021.07.10"]
[PlyCount "83"]
[LiveChessVersion "1.4.8"]

1.c4 {[%clk 1:26:21]} 1...e5 {[%clk 1:30:30]} 2.g3 {[%clk 1:26:34]} 2...Nc6
{[%clk 1:30:02]} 3.Nc3 {[%clk 1:26:08]} 3...Bc5 {[%clk 1:29:48]} 4.Bg2 {[%clk
1:26:16]} 4...d6 {[%clk 1:30:04]} 5.Nf3 {[%clk 1:21:26]} 5...Nf6 {[%clk
1:29:31]} 6.d3 {[%clk 1:21:19]} 6...h6 {[%clk 1:29:41]} 7.O-O {[%clk 1:19:59]}
7...O-O {[%clk 1:27:50]} 8.e3 {[%clk 1:16:18]} 8...a6 {[%clk 1:25:29]} 9.a3
{[%clk 1:13:14]} 9...Ba7 {[%clk 1:23:12]} 10.b4 {[%clk 1:09:16]} 10...Bf5
{[%clk 1:18:18]} 11.Bb2 {[%clk 0:57:04]} 11...Qd7 {[%clk 1:03:56]} 12.Rc1
{[%clk 0:50:58]} 12...Rfe8 {[%clk 1:02:41]} 13.Qc2 {[%clk 0:43:55]} 13...Rac8
{[%clk 0:52:54]} 14.Rfe1 {[%clk 0:37:17]} 14...Bh3 {[%clk 0:50:33]} 15.Bh1
{[%clk 0:34:12]} 15...Bg4 {[%clk 0:38:10]} 16.Nd2 {[%clk 0:32:22]} 16...Nd8
{[%clk 0:37:31]} 17.Nd5 {[%clk 0:25:38]} 17...Nh7 {[%clk 0:37:25]} 18.c5 {[%clk
0:20:16]} 18...c6 {[%clk 0:34:50]} 19.Nb6 {[%clk 0:20:03]} 19...Bxb6 {[%clk
0:35:14]} 20.cxb6 {[%clk 0:20:30]} 20...Ne6 {[%clk 0:31:55]} 21.d4 {[%clk
0:17:14]} 21...exd4 {[%clk 0:31:26]} 22.Bxd4 {[%clk 0:17:36]} 22...Nxd4 {[%clk
0:18:29]} 23.exd4 {[%clk 0:18:02]} 23...Rxe1+ {[%clk 0:18:30]} 24.Rxe1 {[%clk
0:18:29]} 24...Qd8 {[%clk 0:18:48]} 25.Be4 {[%clk 0:12:13]} 25...Nf6 {[%clk
0:11:55]} 26.Bf5 {[%clk 0:12:33]} 26...Bxf5 {[%clk 0:12:19]} 27.Qxf5 {[%clk
0:12:59]} 27...Rb8 {[%clk 0:11:23]} 28.Ne4 {[%clk 0:12:34]} 28...Nd5 {[%clk
0:10:11]} 29.g4 {[%clk 0:12:12]} 29...Qxb6 {[%clk 0:03:10]} 30.Nxd6 {[%clk
0:09:03]} 30...Qc7 {[%clk 0:03:39]} 31.Qe5 {[%clk 0:06:46]} 31...a5 {[%clk
0:02:21]} 32.bxa5 {[%clk 0:06:42]} 32...Ra8 {[%clk 0:02:12]} 33.Rb1 {[%clk
0:05:02]} 33...Qd7 {[%clk 0:02:41]} 34.h3 {[%clk 0:04:51]} 34...f6 {[%clk
0:02:22]} 35.Qg3 {[%clk 0:05:13]} 35...Ra7 {[%clk 0:01:47]} 36.Nc4 {[%clk
0:05:00]} 36...Ra8 {[%clk 0:01:29]} 37.Qb3 {[%clk 0:05:16]} 37...Ra7 {[%clk
0:01:37]} 38.Qg3 {[%clk 0:01:38]} 38...Qd8 {[%clk 0:01:42]} 39.Qb3 {[%clk
0:00:51]} 39...Kh8 {[%clk 0:01:52]} 40.Qg3 {[%clk 0:30:49]} 40...Kh7 {[%clk
0:31:01]} 41.Qd3+ {[%clk 0:28:00]} 41...Kh8 {[%clk 0:30:59]} 42.Qg3 1/2-1/2

[Event "Najdorf Memorial"]
[Site "Warsaw POL"]
[Date "2021.07.14"]
[Round "5.9"]
[White "Romanishin, Oleg M"]
[Black "Redzisz, Michal"]
[Result "1-0"]
[WhiteElo "2404"]
[BlackElo "2246"]
[EventDate "2021.07.10"]
[PlyCount "87"]
[LiveChessVersion "1.4.8"]

1.d4 {[%clk 1:30:57]} 1...Nf6 {[%clk 1:30:45]} 2.Nf3 {[%clk 1:31:26]} 2...g6
{[%clk 1:31:02]} 3.g3 {[%clk 1:31:48]} 3...Bg7 {[%clk 1:31:26]} 4.c4 {[%clk
1:30:43]} 4...c6 {[%clk 1:31:52]} 5.Bg2 {[%clk 1:30:35]} 5...d5 {[%clk 1:32:18]}
6.cxd5 {[%clk 1:28:28]} 6...cxd5 {[%clk 1:32:19]} 7.Ne5 {[%clk 1:28:50]}
7...O-O {[%clk 1:31:56]} 8.Nc3 {[%clk 1:29:14]} 8...Bf5 {[%clk 1:32:24]} 9.O-O
{[%clk 1:24:18]} 9...Ne4 {[%clk 1:32:26]} 10.Qb3 {[%clk 1:00:09]} 10...Nc6
{[%clk 1:32:53]} 11.Be3 {[%clk 0:38:10]} 11...Nxc3 {[%clk 1:33:20]} 12.bxc3
{[%clk 0:37:47]} 12...e6 {[%clk 1:33:45]} 13.Nxc6 {[%clk 0:28:48]} 13...bxc6
{[%clk 1:33:54]} 14.Bf4 {[%clk 0:26:41]} 14...g5 {[%clk 1:29:58]} 15.Bc1 {[%clk
0:26:24]} 15...h6 {[%clk 1:29:31]} 16.Ba3 {[%clk 0:26:25]} 16...Re8 {[%clk
1:30:00]} 17.Qa4 {[%clk 0:22:28]} 17...Qb6 {[%clk 1:30:10]} 18.Bc5 {[%clk
0:18:15]} 18...Qb5 {[%clk 1:28:46]} 19.Qxb5 {[%clk 0:18:11]} 19...cxb5 {[%clk
1:29:03]} 20.a4 {[%clk 0:15:49]} 20...a6 {[%clk 1:29:32]} 21.f3 {[%clk 0:15:02]}
21...Bc2 {[%clk 1:19:00]} 22.axb5 {[%clk 0:15:24]} 22...axb5 {[%clk 1:19:29]}
23.e4 {[%clk 0:15:47]} 23...Bf8 {[%clk 1:17:56]} 24.Bxf8 {[%clk 0:16:11]}
24...Kxf8 {[%clk 1:18:24]} 25.exd5 {[%clk 0:16:24]} 25...exd5 {[%clk 1:18:53]}
26.Rxa8 {[%clk 0:16:11]} 26...Rxa8 {[%clk 1:19:20]} 27.f4 {[%clk 0:16:32]}
27...Bd3 {[%clk 1:16:40]} 28.Bxd5 {[%clk 0:13:13]} 28...Rc8 {[%clk 1:05:15]}
29.Rf3 {[%clk 0:13:27]} 29...Rxc3 {[%clk 1:04:05]} 30.fxg5 {[%clk 0:13:45]}
30...hxg5 {[%clk 1:04:30]} 31.Rxf7+ {[%clk 0:14:08]} 31...Ke8 {[%clk 1:04:56]}
32.Rb7 {[%clk 0:13:03]} 32...g4 {[%clk 0:59:01]} 33.Kf2 {[%clk 0:12:01]}
33...Rc2+ {[%clk 0:57:44]} 34.Ke3 {[%clk 0:12:13]} 34...Bf1 {[%clk 0:57:39]}
35.Kf4 {[%clk 0:11:24]} 35...Rxh2 {[%clk 0:57:21]} 36.Bc6+ {[%clk 0:05:32]}
36...Kd8 {[%clk 0:57:50]} 37.Bxb5 {[%clk 0:05:06]} 37...Kc8 {[%clk 0:56:23]}
38.Bc6 {[%clk 0:04:22]} 38...Rc2 {[%clk 0:52:04]} 39.d5 {[%clk 0:04:14]}
39...Bg2 {[%clk 0:51:06]} 40.Ke5 {[%clk 0:32:11]} 40...Rc3 {[%clk 1:20:46]}
41.Kd6 {[%clk 0:28:56]} 41...Bxd5 {[%clk 1:19:16]} 42.Bxd5 {[%clk 0:29:15]}
42...Rxg3 {[%clk 1:19:44]} 43.Ra7 {[%clk 0:29:02]} 43...Rb3 {[%clk 1:20:05]}
44.Bxb3 {[%clk 0:29:26]} 1-0

[Event "Najdorf Memorial"]
[Site "Warsaw POL"]
[Date "2021.07.14"]
[Round "5.10"]
[White "Bednarczyk, Damian"]
[Black "Lewtak, Damian"]
[Result "1/2-1/2"]
[WhiteElo "2247"]
[BlackElo "2380"]
[EventDate "2021.07.10"]
[PlyCount "71"]
[LiveChessVersion "1.4.8"]

1.e4 {[%clk 1:21:20]} 1...d6 {[%clk 1:30:58]} 2.d4 {[%clk 1:20:55]} 2...Nf6
{[%clk 1:31:24]} 3.f3 {[%clk 1:19:33]} 3...e5 {[%clk 1:31:25]} 4.Ne2 {[%clk
1:16:55]} 4...Be7 {[%clk 1:31:39]} 5.Be3 {[%clk 1:13:35]} 5...c6 {[%clk
1:31:16]} 6.dxe5 {[%clk 1:12:44]} 6...dxe5 {[%clk 1:31:38]} 7.Qxd8+ {[%clk
1:12:30]} 7...Kxd8 {[%clk 1:31:25]} 8.Nd2 {[%clk 1:12:16]} 8...Be6 {[%clk
1:31:12]} 9.Nc1 {[%clk 1:12:22]} 9...Nbd7 {[%clk 1:29:27]} 10.Ncb3 {[%clk
1:07:23]} 10...Kc7 {[%clk 1:28:49]} 11.a4 {[%clk 1:07:04]} 11...Rhe8 {[%clk
1:24:37]} 12.Bc4 {[%clk 1:06:17]} 12...Nf8 {[%clk 1:24:54]} 13.Nc5 {[%clk
1:03:06]} 13...Bxc4 {[%clk 1:23:38]} 14.Nxc4 {[%clk 1:03:28]} 14...N6d7 {[%clk
1:24:00]} 15.Nxd7 {[%clk 1:00:52]} 15...Nxd7 {[%clk 1:24:24]} 16.Ke2 {[%clk
1:00:30]} 16...f6 {[%clk 1:23:22]} 17.Rhd1 {[%clk 0:54:02]} 17...Nf8 {[%clk
1:18:27]} 18.f4 {[%clk 0:35:25]} 18...exf4 {[%clk 1:17:22]} 19.Bxf4+ {[%clk
0:35:46]} 19...Kc8 {[%clk 1:17:43]} 20.a5 {[%clk 0:27:27]} 20...Ng6 {[%clk
1:16:50]} 21.Bg3 {[%clk 0:25:26]} 21...Rd8 {[%clk 1:15:54]} 22.a6 {[%clk
0:22:38]} 22...b6 {[%clk 1:15:27]} 23.c3 {[%clk 0:15:56]} 23...Rd7 {[%clk
1:15:25]} 24.b4 {[%clk 0:16:00]} 24...Kd8 {[%clk 1:15:02]} 25.Ne3 {[%clk
0:13:04]} 25...Bf8 {[%clk 1:09:36]} 26.Nf5 {[%clk 0:13:14]} 26...Ne5 {[%clk
1:02:11]} 27.Nd4 {[%clk 0:12:58]} 27...Rc8 {[%clk 0:56:51]} 28.Bxe5 {[%clk
0:03:45]} 28...fxe5 {[%clk 0:57:16]} 29.Ne6+ {[%clk 0:03:31]} 29...Ke7 {[%clk
0:57:33]} 30.Rxd7+ {[%clk 0:03:33]} 30...Kxd7 {[%clk 0:57:58]} 31.Nxf8+ {[%clk
0:03:37]} 31...Rxf8 {[%clk 0:58:22]} 32.Rd1+ {[%clk 0:03:50]} 32...Ke7 {[%clk
0:57:19]} 33.c4 {[%clk 0:04:06]} 33...h5 {[%clk 0:56:20]} 34.c5 {[%clk 0:02:14]}
34...b5 {[%clk 0:52:08]} 35.Rd6 {[%clk 0:02:38]} 35...Rf6 {[%clk 0:52:28]}
36.Rxf6 {[%clk 0:02:28]} 1/2-1/2

[Event "Najdorf Memorial"]
[Site "Warsaw POL"]
[Date "2021.07.14"]
[Round "5.11"]
[White "Karwowski, Kacper"]
[Black "Kaczmarek, Aleksander"]
[Result "1-0"]
[WhiteElo "2243"]
[BlackElo "2371"]
[EventDate "2021.07.10"]
[PlyCount "157"]
[LiveChessVersion "1.4.8"]

1.Nf3 {[%clk 1:30:56]} 1...c5 {[%clk 1:30:43]} 2.c4 {[%clk 1:30:05]} 2...Nc6
{[%clk 1:31:02]} 3.Nc3 {[%clk 1:29:52]} 3...d6 {[%clk 1:30:44]} 4.d4 {[%clk
1:29:40]} 4...cxd4 {[%clk 1:31:01]} 5.Nxd4 {[%clk 1:30:05]} 5...e5 {[%clk
1:31:11]} 6.Nc2 {[%clk 1:28:12]} 6...Nge7 {[%clk 1:30:14]} 7.g3 {[%clk 1:24:55]}
7...Be6 {[%clk 1:23:35]} 8.Ne3 {[%clk 1:15:29]} 8...a6 {[%clk 1:07:40]} 9.Bg2
{[%clk 1:15:00]} 9...Rb8 {[%clk 1:05:13]} 10.a4 {[%clk 0:58:37]} 10...Nd4
{[%clk 1:05:25]} 11.O-O {[%clk 0:58:15]} 11...g6 {[%clk 1:03:23]} 12.Ned5
{[%clk 0:55:41]} 12...Nxd5 {[%clk 1:03:31]} 13.Nxd5 {[%clk 0:52:09]} 13...Bg7
{[%clk 1:03:18]} 14.e3 {[%clk 0:49:18]} 14...Nf5 {[%clk 0:56:08]} 15.b3 {[%clk
0:45:15]} 15...O-O {[%clk 0:56:16]} 16.Qd2 {[%clk 0:41:58]} 16...h5 {[%clk
0:56:06]} 17.Ba3 {[%clk 0:41:27]} 17...Kh8 {[%clk 0:42:43]} 18.Nc3 {[%clk
0:33:48]} 18...Qe7 {[%clk 0:41:07]} 19.Rad1 {[%clk 0:32:48]} 19...Rfd8 {[%clk
0:41:16]} 20.Ne4 {[%clk 0:31:05]} 20...Rd7 {[%clk 0:34:52]} 21.Qa5 {[%clk
0:25:06]} 21...Qd8 {[%clk 0:27:01]} 22.Qxd8+ {[%clk 0:23:41]} 22...Rbxd8 {[%clk
0:27:29]} 23.Rd3 {[%clk 0:22:57]} 23...b6 {[%clk 0:26:37]} 24.Rfd1 {[%clk
0:19:39]} 24...d5 {[%clk 0:26:09]} 25.cxd5 {[%clk 0:17:09]} 25...Rxd5 {[%clk
0:26:06]} 26.Rxd5 {[%clk 0:17:25]} 26...Rxd5 {[%clk 0:26:20]} 27.Rxd5 {[%clk
0:17:41]} 27...Bxd5 {[%clk 0:26:45]} 28.Nd2 {[%clk 0:18:00]} 28...Bxg2 {[%clk
0:25:11]} 29.Kxg2 {[%clk 0:18:28]} 29...Kg8 {[%clk 0:25:27]} 30.Kf3 {[%clk
0:18:34]} 30...b5 {[%clk 0:22:19]} 31.axb5 {[%clk 0:16:07]} 31...axb5 {[%clk
0:22:46]} 32.Ke4 {[%clk 0:16:29]} 32...Nh6 {[%clk 0:19:03]} 33.f3 {[%clk
0:13:59]} 33...f5+ {[%clk 0:18:12]} 34.Kd5 {[%clk 0:14:21]} 34...e4 {[%clk
0:16:54]} 35.fxe4 {[%clk 0:13:32]} 35...Ng4 {[%clk 0:17:21]} 36.Nf1 {[%clk
0:11:26]} 36...Nf6+ {[%clk 0:15:09]} 37.Kc6 {[%clk 0:11:50]} 37...Nxe4 {[%clk
0:15:31]} 38.Kxb5 {[%clk 0:11:59]} 38...Kf7 {[%clk 0:15:45]} 39.Kc6 {[%clk
0:09:13]} 39...Ke6 {[%clk 0:16:11]} 40.Bc5 {[%clk 0:39:19]} 40...g5 {[%clk
0:44:06]} 41.b4 {[%clk 0:35:59]} 41...h4 {[%clk 0:43:56]} 42.gxh4 {[%clk
0:35:33]} 42...gxh4 {[%clk 0:44:18]} 43.Bd4 {[%clk 0:35:17]} 43...Bf8 {[%clk
0:44:32]} 44.b5 {[%clk 0:35:38]} 44...h3 {[%clk 0:44:37]} 45.b6 {[%clk 0:35:25]}
45...Bd6 {[%clk 0:44:15]} 46.b7 {[%clk 0:35:09]} 46...f4 {[%clk 0:42:08]}
47.exf4 {[%clk 0:35:10]} 47...Bxf4 {[%clk 0:42:32]} 48.Ba7 {[%clk 0:35:23]}
48...Nf6 {[%clk 0:40:14]} 49.b8=Q Bxb8 {[%clk 0:40:40]} 50.Bxb8 {[%clk 0:35:49]}
50...Kf5 {[%clk 0:41:05]} 51.Nd2 {[%clk 0:35:26]} 51...Ke6 {[%clk 0:38:41]}
52.Bg3 {[%clk 0:31:43]} 52...Nh5 {[%clk 0:38:54]} 53.Bc7 {[%clk 0:32:01]}
53...Nf6 {[%clk 0:39:02]} 54.Kc5 {[%clk 0:32:06]} 54...Kf5 {[%clk 0:38:53]}
55.Kd4 {[%clk 0:32:09]} 55...Ng4 {[%clk 0:38:50]} 56.Bg3 {[%clk 0:32:22]}
56...Nf6 {[%clk 0:39:16]} 57.Ke3 {[%clk 0:32:08]} 57...Ng4+ {[%clk 0:39:29]}
58.Kf3 {[%clk 0:32:31]} 58...Nf6 {[%clk 0:39:39]} 59.Nc4 {[%clk 0:32:40]}
59...Kg5 {[%clk 0:39:54]} 60.Ne3 {[%clk 0:33:01]} 60...Kg6 {[%clk 0:39:52]}
61.Ng4 {[%clk 0:32:45]} 61...Nh5 {[%clk 0:39:54]} 62.Nf2 {[%clk 0:33:03]}
62...Nf6 {[%clk 0:40:08]} 63.Nxh3 {[%clk 0:33:29]} 63...Kf5 {[%clk 0:40:36]}
64.Ng1 {[%clk 0:33:46]} 64...Kg5 {[%clk 0:41:03]} 65.Ne2 {[%clk 0:34:05]}
65...Kf5 {[%clk 0:41:30]} 66.Bc7 {[%clk 0:34:20]} 66...Kg6 {[%clk 0:41:49]}
67.Ng3 {[%clk 0:34:38]} 67...Nd5 {[%clk 0:42:08]} 68.Bd8 {[%clk 0:35:04]}
68...Kf7 {[%clk 0:42:32]} 69.Ke4 {[%clk 0:35:22]} 69...Nb4 {[%clk 0:42:57]}
70.Kf5 {[%clk 0:35:43]} 70...Nd5 {[%clk 0:43:17]} 71.Bg5 {[%clk 0:36:04]}
71...Nb4 {[%clk 0:43:39]} 72.h4 {[%clk 0:35:53]} 72...Nc6 {[%clk 0:44:04]}
73.Bf6 {[%clk 0:36:14]} 73...Nb8 74.Ne4 {[%clk 0:36:37]} 74...Nd7 {[%clk
0:44:54]} 75.Ng5+ {[%clk 0:37:02]} 75...Kg8 {[%clk 0:45:20]} 76.h5 {[%clk
0:37:22]} 76...Nxf6 {[%clk 0:43:04]} 77.Kxf6 {[%clk 0:37:48]} 77...Kh8 {[%clk
0:43:33]} 78.Kg6 {[%clk 0:38:12]} 78...Kg8 {[%clk 0:44:00]} 79.h6 {[%clk
0:38:38]} 1-0

[Event "Najdorf Memorial"]
[Site "Warsaw POL"]
[Date "2021.07.14"]
[Round "5.13"]
[White "Selbes, Tarik"]
[Black "Ustianovich, Nazar"]
[Result "1-0"]
[WhiteElo "2235"]
[BlackElo "2358"]
[EventDate "2021.07.10"]
[PlyCount "55"]
[LiveChessVersion "1.4.8"]

1.d4 {[%clk 1:30:58]} 1...d5 {[%clk 1:25:18]} 2.c4 {[%clk 1:29:39]} 2...c6
{[%clk 1:25:47]} 3.cxd5 {[%clk 1:28:38]} 3...cxd5 {[%clk 1:26:16]} 4.Bf4 {[%clk
1:27:47]} 4...Nc6 {[%clk 1:26:35]} 5.e3 {[%clk 1:27:57]} 5...Nf6 {[%clk
1:26:44]} 6.Nc3 {[%clk 1:28:13]} 6...a6 {[%clk 1:26:01]} 7.Be2 {[%clk 1:27:56]}
7...h6 {[%clk 1:24:46]} 8.Rc1 {[%clk 1:26:11]} 8...Bf5 {[%clk 1:20:41]} 9.Nf3
{[%clk 1:26:06]} 9...e6 {[%clk 1:12:42]} 10.Qb3 {[%clk 1:23:00]} 10...Ra7
{[%clk 0:45:42]} 11.Ne5 {[%clk 1:18:16]} 11...Nxe5 {[%clk 0:27:51]} 12.Bxe5
{[%clk 1:17:18]} 12...Nd7 {[%clk 0:28:21]} 13.Bb5 {[%clk 0:25:36]} 13...axb5
{[%clk 0:18:52]} 14.Nxb5 {[%clk 0:26:04]} 14...Nxe5 {[%clk 0:10:36]} 15.dxe5
{[%clk 0:15:05]} 15...Qa5+ {[%clk 0:03:26]} 16.Ke2 {[%clk 0:15:19]} 16...Be7
{[%clk 0:03:55]} 17.Rc8+ {[%clk 0:13:34]} 17...Bd8 {[%clk 0:01:04]} 18.Nxa7
{[%clk 0:13:26]} 18...O-O {[%clk 0:00:42]} 19.Nb5 {[%clk 0:13:21]} 19...Qa6
{[%clk 0:00:42]} 20.Rhc1 {[%clk 0:13:16]} 20...d4 {[%clk 0:01:11]} 21.Qc4
{[%clk 0:07:09]} 21...dxe3 {[%clk 0:01:10]} 22.fxe3 {[%clk 0:05:36]} 22...Qa5
{[%clk 0:00:55]} 23.a4 {[%clk 0:05:12]} 23...Kh7 {[%clk 0:00:58]} 24.Rd1 {[%clk
0:05:08]} 24...Be7 {[%clk 0:01:19]} 25.Rxf8 {[%clk 0:05:22]} 25...Bxf8 {[%clk
0:01:48]} 26.Rd7 {[%clk 0:05:09]} 26...Bg6 {[%clk 0:02:03]} 27.b3 {[%clk
0:04:04]} 27...b6 {[%clk 0:02:27]} 28.Ra7 {[%clk 0:03:59]} 1-0

[Event "Najdorf Memorial"]
[Site "Warsaw POL"]
[Date "2021.07.14"]
[Round "5.14"]
[White "Paprocki, Jaroslaw"]
[Black "Kowalski, Igor"]
[Result "0-1"]
[WhiteElo "2231"]
[BlackElo "2349"]
[EventDate "2021.07.10"]
[PlyCount "66"]
[LiveChessVersion "1.4.8"]

1.Nf3 {[%clk 1:30:43]} 1...d5 {[%clk 1:30:44]} 2.d4 {[%clk 1:29:31]} 2...Nf6
{[%clk 1:31:08]} 3.c4 {[%clk 1:29:32]} 3...c6 {[%clk 1:31:33]} 4.Nc3 {[%clk
1:29:35]} 4...e6 {[%clk 1:31:57]} 5.e3 {[%clk 1:29:13]} 5...Nbd7 {[%clk
1:32:22]} 6.Qc2 {[%clk 1:29:10]} 6...Bd6 {[%clk 1:32:36]} 7.b3 {[%clk 1:29:18]}
7...O-O {[%clk 1:31:13]} 8.Bb2 {[%clk 1:29:15]} 8...b6 {[%clk 1:29:15]} 9.Be2
{[%clk 1:23:32]} 9...Bb7 {[%clk 1:27:17]} 10.O-O {[%clk 1:23:54]} 10...Qe7
{[%clk 1:26:40]} 11.e4 {[%clk 1:18:36]} 11...Nxe4 {[%clk 1:26:01]} 12.Nxe4
{[%clk 1:19:00]} 12...dxe4 {[%clk 1:26:27]} 13.Qxe4 {[%clk 1:19:20]} 13...f5
{[%clk 1:26:25]} 14.Qc2 {[%clk 1:17:34]} 14...c5 {[%clk 1:25:41]} 15.Rad1
{[%clk 1:16:23]} 15...Rad8 {[%clk 1:22:47]} 16.Rfe1 {[%clk 1:14:20]} 16...cxd4
{[%clk 1:15:14]} 17.Bxd4 {[%clk 1:13:17]} 17...e5 {[%clk 1:13:22]} 18.Bc3
{[%clk 1:13:42]} 18...e4 {[%clk 1:07:31]} 19.Qd2 {[%clk 1:09:05]} 19...Nc5
{[%clk 0:52:33]} 20.Nd4 {[%clk 1:07:47]} 20...f4 {[%clk 0:45:04]} 21.f3 {[%clk
1:07:36]} 21...Qh4 {[%clk 0:27:54]} 22.b4 {[%clk 0:59:57]} 22...Rf6 {[%clk
0:11:19]} 23.Bf1 {[%clk 0:31:09]} 23...Na4 {[%clk 0:06:08]} 24.c5 {[%clk
0:22:56]} 24...bxc5 {[%clk 0:04:31]} 25.Ne6 {[%clk 0:18:55]} 25...Rxe6 {[%clk
0:02:33]} 26.Bc4 {[%clk 0:19:19]} 26...e3 {[%clk 0:02:53]} 27.Bxe6+ {[%clk
0:17:56]} 27...Kf8 {[%clk 0:02:50]} 28.Qd3 {[%clk 0:16:55]} 28...Nxc3 {[%clk
0:02:52]} 29.Qxc3 {[%clk 0:16:37]} 29...Bxf3 {[%clk 0:01:37]} 30.gxf3 {[%clk
0:16:00]} 30...Qf2+ {[%clk 0:02:02]} 31.Kh1 {[%clk 0:16:27]} 31...Qxf3+ {[%clk
0:02:29]} 32.Kg1 {[%clk 0:16:53]} 32...Qf2+ {[%clk 0:02:56]} 33.Kh1 {[%clk
0:15:45]} 33...f3 {[%clk 0:03:18]} 0-1

[Event "Najdorf Memorial"]
[Site "Warsaw POL"]
[Date "2021.07.14"]
[Round "5.15"]
[White "Kokoszczynski, Jan"]
[Black "Deszczynski, Adam"]
[Result "1/2-1/2"]
[WhiteElo "2219"]
[BlackElo "2311"]
[EventDate "2021.07.10"]
[PlyCount "67"]
[LiveChessVersion "1.4.8"]

1.d4 {[%clk 1:30:24]} 1...Nf6 2.c4 {[%clk 1:30:47]} 2...e6 {[%clk 1:28:59]}
3.Nf3 {[%clk 1:30:07]} 3...d5 {[%clk 1:26:37]} 4.g3 {[%clk 1:28:01]} 4...Bb4+
{[%clk 1:23:56]} 5.Nbd2 {[%clk 1:25:16]} 5...Be7 {[%clk 1:21:08]} 6.Bg2 {[%clk
1:25:31]} 6...O-O {[%clk 1:18:35]} 7.O-O {[%clk 1:25:53]} 7...b6 {[%clk
1:15:15]} 8.Qc2 {[%clk 1:10:57]} 8...Bb7 {[%clk 1:11:26]} 9.cxd5 {[%clk
1:09:53]} 9...exd5 {[%clk 1:11:31]} 10.Ne5 {[%clk 1:10:01]} 10...Nfd7 {[%clk
0:58:56]} 11.Ndf3 {[%clk 1:09:11]} 11...Nxe5 {[%clk 0:46:35]} 12.Nxe5 {[%clk
1:04:38]} 12...Bd6 {[%clk 0:40:15]} 13.Bf4 {[%clk 1:02:41]} 13...Bxe5 {[%clk
0:35:05]} 14.Bxe5 {[%clk 1:02:33]} 14...c6 {[%clk 0:35:23]} 15.Bf4 {[%clk
0:47:46]} 15...Nd7 {[%clk 0:35:11]} 16.Rad1 {[%clk 0:38:54]} 16...Re8 {[%clk
0:32:24]} 17.Rfe1 {[%clk 0:31:25]} 17...Nf6 {[%clk 0:30:32]} 18.a3 {[%clk
0:29:08]} 18...h6 {[%clk 0:29:16]} 19.Bh3 {[%clk 0:25:04]} 19...Bc8 {[%clk
0:28:19]} 20.Bg2 {[%clk 0:25:29]} 20...Bb7 {[%clk 0:28:41]} 21.Rc1 {[%clk
0:15:41]} 21...Ne4 {[%clk 0:25:03]} 22.f3 {[%clk 0:13:37]} 22...Ng5 {[%clk
0:24:04]} 23.Qd2 {[%clk 0:11:28]} 23...Ne6 {[%clk 0:23:19]} 24.Be3 {[%clk
0:11:50]} 24...f5 {[%clk 0:22:18]} 25.Bf4 {[%clk 0:09:58]} 25...Nxf4 {[%clk
0:22:04]} 26.Qxf4 {[%clk 0:10:24]} 26...Qf6 {[%clk 0:21:52]} 27.Qd2 {[%clk
0:04:41]} 27...g5 {[%clk 0:18:14]} 28.e4 {[%clk 0:04:53]} 28...dxe4 {[%clk
0:17:06]} 29.fxe4 {[%clk 0:05:22]} 29...fxe4 {[%clk 0:17:14]} 30.Rxe4 {[%clk
0:05:22]} 30...Rxe4 {[%clk 0:16:23]} 31.Bxe4 {[%clk 0:05:51]} 31...Rd8 {[%clk
0:16:36]} 32.Qf2 {[%clk 0:03:07]} 32...Qxd4 {[%clk 0:12:35]} 33.Qxd4 {[%clk
0:02:14]} 33...Rxd4 {[%clk 0:12:52]} 34.Bxc6 {[%clk 0:02:41]} 1/2-1/2